Người hùng = The good guy : Tiểu thuyết trinh thám
Wedi'i Gadw mewn:
| Prif Awdur: | |
|---|---|
| Fformat: | Llyfr |
| Iaith: | Undetermined |
| Cyhoeddwyd: |
Hà Nội
Công an nhân dân
2010
|
| Pynciau: | |
| Tagiau: |
Ychwanegu Tag
Dim Tagiau, Byddwch y cyntaf i dagio'r cofnod hwn!
|
| Thư viện lưu trữ: | Trung tâm Học liệu Trường Đại học Cần Thơ |
|---|
| LEADER | 00680nam a2200205Ia 4500 | ||
|---|---|---|---|
| 001 | CTU_153828 | ||
| 008 | 210402s9999 xx 000 0 und d | ||
| 020 | |c 61500 | ||
| 082 | |a 813.54 | ||
| 082 | |b K75 | ||
| 100 | |a Koontz, Dean | ||
| 245 | 0 | |a Người hùng = | |
| 245 | 4 | |b The good guy : Tiểu thuyết trinh thám | |
| 245 | 0 | |c Dean Koontz; Đinh Minh Hương, Lê Thanh Hương dịch | |
| 260 | |a Hà Nội | ||
| 260 | |b Công an nhân dân | ||
| 260 | |c 2010 | ||
| 650 | |a Mistaken identity,Murder for hire,Văn học hiện đại Mỹ,Truyện trinh thám | ||
| 904 | |i Nguyên | ||
| 980 | |a Trung tâm Học liệu Trường Đại học Cần Thơ | ||